Vývoj a zhodnotenie koncentrácie vo vybranej oblasti sieťového odvetvia

Posúdenie koncentrácie subjektov pôsobiacich v rámci oblasti sieťového odvetvia – plynárenstva na maloobchodnom trhu. Určenie oblasti plynárenstva a jeho pôsobiacich subjektov, analýza vývoja trhového podielu kľúčových dodávateľov plynu a vyhodnotenie stavu koncentrácie pôsobiacich subjektov podľa v...

ver descrição completa

Na minha lista:
Detalhes bibliográficos
Autor principal: Kissová, Jana, 1979-
Outros Autores: Dubcová, Gabriela, 1968-
Formato: Capítulo de Livro
Idioma:eslovaco
Assuntos:
Tags: Adicionar Tag
Sem tags, seja o primeiro a adicionar uma tag!

MARC

LEADER 00000naa$a2200000$$$4500
001 0269648
005 20240502074227.3
041 0 |a slo 
044 |a SK 
245 1 0 |a Vývoj a zhodnotenie koncentrácie vo vybranej oblasti sieťového odvetvia 
520 |a Posúdenie koncentrácie subjektov pôsobiacich v rámci oblasti sieťového odvetvia – plynárenstva na maloobchodnom trhu. Určenie oblasti plynárenstva a jeho pôsobiacich subjektov, analýza vývoja trhového podielu kľúčových dodávateľov plynu a vyhodnotenie stavu koncentrácie pôsobiacich subjektov podľa vybraných metód. Kvantifikovanie a hodnotenie stavu koncentrácie: stupeň koncentrácie CR a HHI Index. Použitie kvantitatívneho ukazovateľa – trhového podielu jednotlivých dodávateľov plynu v rámci maloobchodného trhu počas dlhšieho časového obdobia. Skúmanie oblasti sieťového odvetvia – plynárenstva so zameraním na vzájomne si konkurujúce kľúčové subjekty na maloobchodnom trhu z hľadiska dodávok plynu. Čerpanie údajov o odvetví a trhových podielov z výročných správ Úradu pre reguláciu sieťových odvetí. 
610 2 0 |a odvetvia sieťové 
610 2 0 |a priemysel plynárenský 
610 2 0 |a koncentrácia 
610 2 0 |a súťaž hospodárska 
610 2 0 |a maloobchod 
610 2 0 |a prieskum trhu 
610 2 0 |a Slovensko 
100 1 |a Kissová, Jana, 1979- 
700 1 |a Dubcová, Gabriela, 1968-